000 00678nam a22002057a 4500
999 _c5048
_d5048
003 AR-CdUCM
008 190311b ||||| |||| 00| 0 spa d
040 _aMUNICIPALIDAD PROVINCIAL DEL CUSCO
_cBIBLIOTECA MUNICIPAL DEL CUSCO
082 _a869.25 /
_bM26
100 _aMartelli, Juan Carlos
_915419
245 _aAntología de poesía nueva en la República Argentina /
260 _aBuenos Aires :
_bAnuario,
_c1961.
300 _a198 páginas ;
_bfotografías,
_c26 cm.
500 _aDonación de la familia Nieto.
650 _aPoetas Argentinos
_911817
650 _aPoesía de Argentina
_915420
650 _aSiglo XIX-XX
_915421
942 _2ddc
_cLIBROS
945 _araen